000 00791nam a2200253 i 4500
001 10374
003 ES-MaACL
005 20250813062709.0
007 t|
008 950526s1994 sp ||||1| spa d
020 _a84-206-3278-3
080 _a869.0(81)-94"19"
080 _a869.0(81)(Amado,J.7 N.03=6)
100 1 _aAmado, Jorge.
_921079
245 1 0 _aNavegación de cabotaje
_b: apuntes para un libro de memorias que jamás escribiré /
_cJorge Amado ; traducción : Basilio Losada.
260 _aMadrid :
_bAlianza,
_cD.L. 1994.
300 _a510 p. ;
_c20 cm.
490 1 _aAlianza tres ;
_v278
500 _aIndices.
700 1 _aLosada, Basilio,
_d1930-
_974251
830 0 0 _aAlianza tres
_v278
_9177344
852 _aES-MaACL
_jL-17917
_bR.123905
999 _c10374
_d10374